000 00857nam a22002297a 4500
003 OSt
005 20150408114030.0
008 120508s2012 jo ||||g b 00| 0 ara d
020 _a9789957423315
040 _cMU
082 0 4 _2ط. 1.
_a410.7
_bز ع م
100 1 _aزهدي، عبد الرؤوف.
_912665
245 _aمهارات القراءة /
_cعبد الرؤوف زهدي، محمد سمير اللبدي، موسى إبراهيم الشلتاوي.
250 _aط. 1.
260 _aعمان، الأردن :
_bدار عالم الثقافة،
_c2012.
300 _a192 ص. ؛
_c24 سم.
504 _aببليوجرافية : ص. 192.
650 4 _aالقراءة
_xدراسة وتعليم.
_912666
700 1 _aاللبدي، محمد سمير.
_912667
700 1 _aالشلتاوي، موسى إبراهيم.
_912668
942 _2ddc
_cDVD
999 _c22740
_d257240